000 00656nam a2200181 a 4500
001 BRCA_2092
005 20190320203651.0
008 110808s1989----mx-#---###---#000-0#spa-#
050 4 _aF1391.P8
_b.L43 30
_c1989
100 1 _aMárquez, Jesús
_96354
245 1 0 _aLa revolución maderista en Puebla
_buna cronología
_cJesús Márquez.
260 _aPuebla, México
_bGobierno del Estado de Puebla : Secretaría de Cultura : Comisión Puebla V Centenario
_c1989
300 _a45 p.
_c21 cm.
440 0 _aLecturas Históricas de Puebla
_n30
_96355
651 4 _aPuebla (México)
_xHistoria
_9409
651 4 _aPuebla (México)
_xMaderismo
_96356
942 _2lcc
_cB
999 _c1849
_d1849